| 000 | 00580 a2200205 4500 | ||
|---|---|---|---|
| 001 | 26687 | ||
| 005 | 20260407155545.0 | ||
| 008 | 260407a1986 arg spa d | ||
| 003 | AR-UNSa-BCEJYS | ||
| 040 |
_aAR-UNSa-BCEJYS _bspa _cAR-UNSa-BCEJYS |
||
| 080 |
_a347(094.4) _xCódigo Civil |
||
| 245 | 1 | 0 | _aCódigo Civil |
| 020 | _a950-572-132-3 | ||
| 264 | 1 |
_aBuenos Aires : _bVíctor P. de Zavalía _c1986 |
|
| 300 |
_a1370 p. _c19 cm |
||
| 942 | _cBK | ||
| 590 | _aniveau_biblio:m niveau_hierar:0 | ||
| 100 | 1 | _aArgentina [Código Civil] | |
| 700 | 1 | _aZavalía, Ricardo Leandro de | |
| 999 |
_c1489 _d1489 |
||